MARC

LEADER 00000nam0a2200000 4500
001 67408
005 20231101212323.0
035 |a (RuTPU)RU\TPU\book\71773 
090 |a 67408 
100 |a 20040915d1974 m y0rusy50 ca 
101 0 |a rus 
102 |a RU 
105 |a a z 000zd 
200 1 |a Тридцать три из 33 миллионов. Делегаты XVII съезда ВЛКСМ  |e [сборник]  |f под ред. Н. Сидневой 
210 |a Москва  |c Молодая гвардия  |d 1974 
215 |a 128 с.  |c ил. 
600 1 |a Третьяк  |b В. А.  |c российский спортсмен  |f 1952-  |g Владислав Александрович  |c хоккей с шайбой  |2 stltpush  |3 (RuTPU)RU\TPU\pers\7632 
600 1 |a Турищева  |b Л. И.  |c советская гимнастка, четырёхкратная олимпийская чемпионка, многократная чемпионка мира и Европы  |c заслуженный мастер спорта СССР  |f 1952  |g Людмила Ивановна  |2 stltpush  |3 (RuTPU)RU\TPU\pers\41638 
600 1 |a Павлова  |b Н. В.  |c советская и российская артистка балета, педагог  |c народная артистка СССР  |f 1956-  |g Надежда Васильевна  |2 stltpush  |3 (RuTPU)RU\TPU\pers\41639 
606 1 |a ВЛКСМ  |x Съезды  |2 stltpush  |3 (RuTPU)RU\TPU\subj\2609  |9 31158 
610 1 |a делегаты 
610 1 |a биографии 
610 1 |a общественная деятельность 
686 |a Ф75(2)11  |2 rubbk 
702 1 |a Сиднева  |b Н.  |4 340 
801 1 |a RU  |b 63413507  |c 20040915  |g PSBO 
801 2 |a RU  |b 63413507  |c 20180910  |g PSBO 
942 |c BK